LEADER 00909nam0-22003131i-450- 001 990000158980403321 035 $a000015898 035 $aFED01000015898 035 $a(Aleph)000015898FED01 035 $a000015898 100 $a20011111d--------km-y0itay50------ba 101 0 $aita 105 $ay-------001yy 200 1 $aAviazioni navali nel mondo$fFrancesco Fatutta , Luca Peruzzi. 210 $aRoma$cRivista marittima$d1998 215 $a335 p.$cill.$d24 cm 300 $aSuppl. a: Rivista marittima, n. 8/9, agosto/settembre 1998 610 0 $aForze aeree della marina 676 $a359.94 700 1$aFatutta,$bFrancesco$09393 702 1$aPeruzzi,$bLuca 801 0$aIT$bUNINA$gRICA$2UNIMARC 901 $aBK 912 $a990000158980403321 952 $a13 E 72 67$b11607/12$fFINBC 959 $aFINBC 996 $aAviazioni navali nel mondo$9121672 997 $aUNINA DB $aING01 LEADER 00898nam0-22003131i-450- 001 990003747280403321 005 20120328115007.0 010 $a0-12-498640-4 035 $a000374728 035 $aFED01000374728 035 $a(Aleph)000374728FED01 035 $a000374728 100 $a20030910d1971----km-y0itay50------ba 101 0 $aeng 102 $aUS 105 $ay-------001cy 200 1 $aCognitive development and epistemology$fedited by Theodore Mischel 210 $aNew York$cAcademic Press$dİ1971 215 $aXV, 423 p.$d24 cm 610 0 $aEducazione$aProcessi cognitivi 610 0 $aApprendimento$aProcessi cognitivi 702 1$aMischel,$bTheodore 801 0$aIT$bUNINA$gRICA$2UNIMARC 901 $aBK 912 $a990003747280403321 952 $a370.152 MIS 1$b1979$fBFS 959 $aBFS 996 $aCognitive development and epistemology$9509582 997 $aUNINA LEADER 00943nam0-22002891i-450 001 990004813020403321 005 20240711163259.0 035 $a000481302 035 $aFED01000481302 035 $a(Aleph)000481302FED01 035 $a000481302 100 $a19990530g19819999km-y0itay50------ba 101 0 $aita 105 $aa-------00--- 200 1 $a<>filosofia dell'arredamento$eI mutamenti del gusto della decorazione interna attraverso i secoli dall'antica Roma ai nostri tempi$fdi Mario Praz$gimpaginato da Mario Monti 210 $aMilano$cLonganesi & C.$dc1981. 215 $a400 p.$cill.$d32 cm 225 1 $a<>marmi$v41 700 1$aPraz,$bMario$f<1896-1982>$011364 702 1$aMonti,$bMario 801 0$aIT$bUNINA$gRICA$2UNIMARC 901 $aBK 912 $a990004813020403321 952 $a854.91 PRAM 01$bFil. Mod. 34390$fFLFBC 959 $aFLFBC 996 $aFilosofia dell'arredamento$9351806 997 $aUNINA